000 01043nam a22003137a 4500
003 CHAP
005 20220329135019.0
008 971013s1975 r 00010 d
010 _a29541
011 _a30513
035 _a34625
040 _cCHAP
082 _a627
_bK7Y
100 0 0 _aKruseman, G. P.
_963998
245 _aAnálisis y evaluación de los datos de ensayo por bombeo
260 _aWageningen :
_bInternational Institute for Land Reclamation nad Improvement,
_c1975
300 _a212 p.
_b; gráfs.
590 _aBATCH-UPD
_b10
_c20130110
_lUCH01
_h1440
590 _aBATCH-UPD
_b10
_c20130410
_lUCH01
_h0912
590 _aBATCH-UPD
_b10
_c20130914
_lUCH01
_h0655
590 _aCONVERSION
_b10
_c20130109
_lUCH01
_h1317
650 1 4 _aAgua subterranea.
_92456
650 1 4 _aBombeo.
_913625
650 1 4 _aHidráulica
_zMéxico (D.F.).
_955231
901 _aBK
942 _cLIBRO
949 _a627 K7Y
_bBC
_cLIBRO
_d33724000020251
_eLIBRO
_fc.2
_h44644
_i34625
_si
949 _a627 K7Y
_bBC
_cLIBRO
_d33724000020269
_eLIBRO
_h42114
_i34625
_si
999 _c29541
_d29541